| 000 | 00574nam a2200193Ia 4500 | ||
|---|---|---|---|
| 005 | 20260114185549.0 | ||
| 008 | 008 260114s9999 xx 000 0 eng d | ||
| 020 | _a9781350127234 | ||
| 037 | _aEBOOK | ||
| 040 |
_aCRL _beng _cCRL |
||
| 041 |
_aeng _2eng |
||
| 084 | _qCRL | ||
| 100 |
_aMark D. Steinberg _9871605 |
||
| 245 | 0 | _aRussian Utopia A Century of Revolutionary Possibilities | |
| 260 |
_bBloomsbury _c2021 |
||
| 856 | _uhttps://doi.org/10.5040/9781350127234?locatt=label:secondary_bloomsburyCollections | ||
| 942 | _cEBOOK | ||
| 999 |
_c1470553 _d1470553 |
||